Manual de operaciones para el cultivo de agave azul tequilana weber /

محفوظ في:
التفاصيل البيبلوغرافية
المؤلف الرئيسي: Rojas Castellanos, José Raúl (autor)
التنسيق: أطروحة كتاب
اللغة:الإسبانية
الموضوعات:
الوسوم: إضافة وسم
لا توجد وسوم, كن أول من يضع وسما على هذه التسجيلة!

MARC

LEADER 00000nam^a2200000^a^4500
001 000187055
005 20250521000000.0
009 20260310102247.58
037 |a Acervo ITESO - Biblioteca 
041 |a ESP 
090 |a CPU. 319 
100 |a Rojas Castellanos, José Raúl  |e (autor) 
245 1 0 |a Manual de operaciones para el cultivo de agave azul tequilana weber /  |c J.R. Rojas Castellanos. 
264 |a Guadalajara, México :  |b edición de autor,  |c 2006 
300 |a 1 disco compacto de computadora 
336 |a datos para computadora  |b cod  |2 rdacontenido 
337 |a computadora  |b c  |2 rdamedio 
338 |a disco de computadora  |b cd  |2 rdasoporte 
502 |a ITESO Reporte Profesional de Licenciatura en Contaduría Pública 
649 |a XX 
650 |a Contadores y Auditores -  |x Prácticas Profesionales 
650 |a Maguey -  |x Cultivo 
650 |a Maguey -  |x Industria y Comercio 
650 |a Tequila (Bebida) -  |x Industria y Comercio 
650 |a Manual de Organización 
650 |a Industria Agropecuaria -  |x Administración 
650 |a Agricultura -  |x Administración 
650 |a Contabilidad -  |x Prácticas Profesionales -  |x Informes 
650 |a Ciencias Administrativas 
910 |a Fondo General 
920 |a Electrónicos - Tesis del ITESO en Disco 
905 |a 202 
901 |a 0500129255  |b IT2  |c STS  |u 20250521 
902 |a https://opac.biblio.iteso.mx/vufind/Record/000187055